Catalog

Record Details

Catalog Search



The twilight curse  Cover Image Book Book

The twilight curse / Kat Shepherd ; illustrated by Rayanne Vieira.

Shepherd, Kat, (author.). Vieira, Rayanne, (illustrator.).

Summary:

While babysitting an actor's daughter, Maggie and her three friends investigate the strange events happening during the rehearsals for a play at the old movie palace that has been turned into a theater.

Record details

  • ISBN: 9781250157010
  • ISBN: 1250157013
  • Physical Description: 216 pages : illustrations ; 22 cm
  • Edition: First edition.
  • Publisher: New York : Imprint, 2019.
Subject: Babysitting > Juvenile fiction.
Haunted theaters > Juvenile fiction.
Ghost stories.
Genre: Paranormal fiction.

Available copies

  • 1 of 1 copy available at scottsboropl.

Holds

  • 0 current holds with 1 total copy.
Show Only Available Copies
Location Call Number / Copy Notes Barcode Shelving Location Status Due Date
scottsboropl JF She 32269001138778 Juvenile - Fiction Available -

LDR 01480nam a2200373Ii 4500
001152919
003CONS
00520191210074600.0
008190812t20192019nyua j 000 1 eng d
010 . ‡a 2018955722
020 . ‡a9781250157010 ‡q(hardcover)
020 . ‡a1250157013 ‡q(hardcover)
035 . ‡a(CPomAG)LMN615080
05014. ‡aPZ7.1.S514473 ‡bTw 2019
08204. ‡a[Fic] ‡223
1001 . ‡aShepherd, Kat, ‡eauthor.
24514. ‡aThe twilight curse / ‡cKat Shepherd ; illustrated by Rayanne Vieira.
250 . ‡aFirst edition.
264 1. ‡aNew York : ‡bImprint, ‡c2019.
300 . ‡a216 pages : ‡billustrations ; ‡c22 cm
336 . ‡atext ‡btxt ‡2rdacontent
337 . ‡aunmediated ‡bn ‡2rdamedia
338 . ‡avolume ‡bnc ‡2rdacarrier
4901 . ‡aBabysitting nightmares ; ‡v3
520 . ‡aWhile babysitting an actor's daughter, Maggie and her three friends investigate the strange events happening during the rehearsals for a play at the old movie palace that has been turned into a theater.
650 0. ‡aBabysitting ‡vJuvenile fiction.
650 0. ‡aHaunted theaters ‡vJuvenile fiction.
650 0. ‡aGhost stories.
655 7. ‡aParanormal fiction. ‡2lcgft
7001 . ‡aVieira, Rayanne, ‡eillustrator.
8001 . ‡aShepherd, Kat. ‡tBabysitting nightmares ; ‡v3.
914 . ‡aSCP_LP
959 . ‡i32269001138778 ‡lJF She ‡aJuvenile - Fiction ‡tHardback ‡g15.00
852 . ‡p32269001138778 ‡jJF She ‡gJuvenile - Fiction ‡cHardback ‡y15.00 ‡bSBPL
901 . ‡a152919 ‡bUnknown ‡c152919 ‡tbiblio

Additional Resources